| 000 | 00708nam a2200217 u 4500 | ||
|---|---|---|---|
| 005 | 20240228063921.0 | ||
| 008 | 080409s2007 ag r 000 0 spa d | ||
| 020 | _a9789871239207 | ||
| 035 | _aUPN01000155346 | ||
| 049 | _aI | ||
| 050 | 4 |
_aPZ71 _bR4.9 |
|
| 100 | 1 |
_aRepún, Graciela Beatriz, _d1951- _932429 |
|
| 245 | 1 | 0 |
_aYo te descubro / _cGraciela Repún ; il. Nora Hilb. |
| 260 |
_a[Buenos Aires] : _bGS Junior, _cc2007. |
||
| 300 |
_a23 p. : _bprincipalmente il. col. |
||
| 500 | _aEn l aportada: "Incluye guía para padres y docentes" | ||
| 650 | 4 |
_aLibros y lectura para niños _92290 |
|
| 650 | 4 |
_aValores sociales _94177 |
|
| 700 | 1 |
_aHilb, Nora Inés, _d1953- _eil. _932428 |
|
| 905 | _aInfantil | ||
| 999 |
_c127461 _d127461 |
||